Star wars guess droid by picture - Statistics

General Stats
  • This quiz has been taken 51 times
  • The average score is 9 of 16
Answer Stats
Picture Answer % Correct
B1 Battle droid
88%
Astro mech
71%
Droideka
71%
Protocol droid
68%
Assassin droid
61%
Dwarf spider droid
61%
Gonk droid
59%
imperial probe droid
56%
IG 100 MagnaGuard
54%
buzz droid
51%
2-1B droids
46%
Maintenance droid
46%
Commando droid
44%
B2 super battle droid
37%
Hyena droid
22%
Security droid
22%
No matching quizzes found
Score Distribution
Percent of People with Each Score
Percentile by Number Answered
Your Score History
You have not taken this quiz